| 000 | 00614nam a2200169 i 4500 | ||
|---|---|---|---|
| 001 | 184856 | ||
| 003 | ES-MaACL | ||
| 005 | 20230906222307.0 | ||
| 008 | 160205s1867 sp |||| | spa d | ||
| 100 | 0 |
_aGarcía, José. _954041 |
|
| 245 | 1 | 4 |
_aLas bellas artes de España _b: 1866 / _cJosé García. |
| 260 |
_aMadrid : _b[s.n.], _c1867 ( _fImp. de D.E. Ansart) |
||
| 300 |
_a222 p. ; _c20 cm. |
||
| 500 | _aLa obra es un juicio crítico de las obras presentadas en la Exposición de Bellas Artes de 1866. | ||
| 611 | 0 | 4 |
_aExposición Nacional de Bellas Artes. _d1866. _cMadrid) _9703 |
| 852 |
_aES-MaACL _jG-8985 |
||
| 999 |
_c184856 _d184856 |
||